LEADER 00811nam a2200241 i 4500 001 000000172546 003 CaOOAMICUS 005 20100929000000.0 008 100929s1976 vc u000 u mul u 013 $a149988 040 $aSeMil$bita 245 12$aA Dio piacendo. 250 $a2. ed. 260 $aMilano :$bRizzoli,$cstampa 1976. 300 $a396 p., [1] c. ripieg. ;$c22 cm. 490 0 $aLa scala 700 1 $aD'Ormesson, Jean <1925-2017>.$0(OLS)http://semarc/name/93103 830 3$aLa scala.$0(OLS)http://semarc/title/7359 850 $aSeMil 852 $aSeMil$W1$xVenegono$y1$m1E V 59$j123402$B123402$CSeMilBibl$Z2$F134558 $81 961 $aOmaggio: Altro 996 $6245$aA Dio piacendo$9(OLS)http://semarc/title/247112 996 $6260$aMilano :$bRizzoli$9(OLS)http://semarc/publisher/29824 LEADER 00949nam a2200229 i 4500 001 000000087948 003 CaOOAMICUS 005 20030731000000.0 008 030731s1971 xx u000 u und u 013 $a60188 040 $aSeMil$bita 100 1 $aBernard, Charles-André,$c.$0(OLS)http://semarc/name/774 245 10$aContemplazione, azione, mistica. 260 $aLuogo non identificato :$bUniversità Gregoriana,$c1971. 300 $a129 p. 650 4$aSpiritualità.$0(OLS)http://semarc/subject/5428 650 4$aMistica.$0(OLS)http://semarc/subject/1496 650 4$aPreghiera - Contemplazione.$0(OLS)http://semarc/subject/1696 850 $aSeMil 852 $aSeMil$W1$xVenegono$y1$m114 15 4 *$j51350$B51350$CSeMilBibl$Z2$F55547 $81 996 $6245$aContemplazione, azione, mistica$9(OLS)http://semarc/title/133937 996 $6260$aLuogo non identificato :$bUniversità Gregoriana$9(OLS)http://semarc/publisher/43504